[Event "Wch Seniors 65 29th"]
[Site "Bucharest"]
[Date "2019.11.19"]
[Round "7"]
[White "Mochalov, Evgeny Veniaminovic"]
[Black "Lucena, Lincoln"]
[Result "1/2-1/2"]
[WhiteElo "2374"]
[BlackElo "2112"]
[PlyCount "84"]
[EventDate "2019.11.12"]
[EventType "swiss"]
[EventRounds "11"]
[EventCountry "ROU"]
[SourceTitle "CBM 193 Extra"]
[Source "ChessBase"]
[SourceDate "2020.01.31"]
[SourceVersion "1"]
[SourceVersionDate "2020.01.31"]
[SourceQuality "1"]

1. d4 Nf6 2. c4 e6 3. g3 Bb4+ 4. Nd2 0-0 5. Bg2 d5 6. Ngf3 Nbd7 7. 0-0 c6 8. Qc2 b6 9. e4 Bb7 10. e5 Ne8 11. cxd5 cxd5 12. a3 Be7 13. Re1 Rc8 14. Qa4 Bc6 15. Qb3 Nb8 16. Nb1 Qd7 17. Nc3 Nc7 18. Bf1 b5 19. Bd2 a5 20. Na2 a4 21. Qe3 Na8 22. Qf4 Nb6 23. Qg4 Nc4 24. Bh6 g6 25. Bxf8 Bxf8 26. Rab1 Na6 27. Bd3 b4 28. axb4 Nxb4 29. Nxb4 Bxb4 30. Red1 Bf8 31. Ng5 Rb8 32. Ne4 dxe4 33. Bxc4 Rb4 34. Rbc1 Rxb2 35. Qf4 a3 36. Qe3 Bb4 37. h4 Ba4 38. Qxe4 Bxd1 39. Rxd1 Rd2 40. Rxd2 Bxd2 41. Qa8+ Kg7 42. Qxa3 Qxd4 1/2-1/2

[Event "Wch Seniors 65 29th"]
[Site "Bucharest"]
[Date "2019.11.15"]
[Round "4"]
[White "Miulescu, Gabriel"]
[Black "Mochalov, Evgeny Veniaminovic"]
[Result "0-1"]
[WhiteElo "2004"]
[BlackElo "2374"]
[PlyCount "80"]
[EventDate "2019.11.12"]
[EventType "swiss"]
[EventRounds "11"]
[EventCountry "ROU"]
[SourceTitle "CBM 193 Extra"]
[Source "ChessBase"]
[SourceDate "2020.01.31"]
[SourceVersion "1"]
[SourceVersionDate "2020.01.31"]
[SourceQuality "1"]

1. e4 c5 2. Nf3 g6 3. d4 cxd4 4. Nxd4 Nc6 5. Nc3 Bg7 6. Be3 Nf6 7. Bc4 0-0 8. Bb3 Re8 9. f3 e6 10. Qd2 d5 11. 0-0-0 Nxd4 12. Bxd4 e5 13. Bf2 d4 14. Nd5 Be6 15. Bh4 Nxe4 16. Bxd8 Nxd2 17. Nf6+ Bxf6 18. Bxf6 Nxb3+ 19. axb3 Rac8 20. Kd2 Bf5 21. Rc1 Rc6 22. Bh4 Kg7 23. g4 Be6 24. g5 h6 25. Bg3 Bd5 26. gxh6+ Kxh6 27. Rhf1 f6 28. b4 Be6 29. Rfe1 Bf5 30. Bf2 Rd8 31. Rg1 Rc4 32. b3 Rc3 33. f4 Rdc8 34. fxe5 Rxc2+ 35. Rxc2 Rxc2+ 36. Ke1 fxe5 37. Rg3 Kg7 38. h4 Kf6 39. Kf1 Ke6 40. Ke1 Kd5 0-1

[Event "Wch Seniors 65 29th"]
[Site "Bucharest"]
[Date "2019.11.14"]
[Round "3"]
[White "Mochalov, Evgeny Veniaminovic"]
[Black "Schouten, Nico"]
[Result "0-1"]
[WhiteElo "2374"]
[BlackElo "2127"]
[PlyCount "82"]
[EventDate "2019.11.12"]
[EventType "swiss"]
[EventRounds "11"]
[EventCountry "ROU"]
[SourceTitle "CBM 193 Extra"]
[Source "ChessBase"]
[SourceDate "2020.01.31"]
[SourceVersion "1"]
[SourceVersionDate "2020.01.31"]
[SourceQuality "1"]

1. d4 Nf6 2. c4 g6 3. g3 Bg7 4. Bg2 c5 5. Nf3 0-0 6. 0-0 Na6 7. d5 d6 8. Nc3 Nc7 9. a4 e6 10. dxe6 Bxe6 11. Bf4 Bxc4 12. Bxd6 Re8 13. Bxc5 Nfd5 14. Nxd5 Qxd5 15. Qxd5 Bxd5 16. Rfd1 Re6 17. Rd2 Ra6 18. Rad1 h6 19. Rxd5 Nxd5 20. Rxd5 Bxb2 21. Bd4 Bxd4 22. Nxd4 Rxa4 23. Bf3 Rb4 24. Rd7 a5 25. e3 a4 26. Bd5 a3 27. Bxf7+ Kh8 28. Rd6 a2 29. Bxa2 Rxa2 30. Rxg6 Ra6 31. Rg4 b5 32. Re4 Rb6 33. Kg2 Rb2 34. Ne6 b4 35. Nc5 Rc2 36. Nd7 Rb5 37. Re8+ Kg7 38. Re7+ Kg8 39. e4 b3 40. Nf6+ Kf8 41. Rd7 Rc6 0-1

[Event "Minsk Kupreichik Memorial rapid"]
[Site "Minsk"]
[Date "2019.08.16"]
[Round "4"]
[White "Romanovskij, Nikita"]
[Black "Mochalov, Evgeny Veniaminovic"]
[Result "1-0"]
[WhiteElo "1869"]
[BlackElo "2374"]
[PlyCount "99"]
[EventDate "2019.08.15"]
[EventType "swiss (rapid)"]
[EventRounds "10"]
[EventCountry "BLR"]
[SourceTitle "CBM 191 Extra"]
[Source "ChessBase"]
[SourceDate "2019.09.30"]
[SourceVersion "1"]
[SourceVersionDate "2019.09.30"]
[SourceQuality "1"]

1. d4 c5 2. e3 Nf6 3. Nf3 g6 4. Be2 Bg7 5. 0-0 0-0 6. c4 cxd4 7. Nxd4 Nc6 8. Nc3 d5 9. Nxc6 bxc6 10. Qb3 Qa5 11. Bd2 Ba6 12. Ne4 Qb6 13. Nxf6+ Bxf6 14. Bc3 e5 15. Rfd1 Rfd8 16. Qa4 Qb7 17. Rd2 d4 18. exd4 exd4 19. Bb4 Bg5 20. Rdd1 Rac8 21. b3 c5 22. Bd2 Bf6 23. Bd3 Qc6 24. Qa5 Bb7 25. f3 Qb6 26. Qa3 Re8 27. Re1 Kg7 28. Rxe8 Rxe8 29. Re1 Rxe1+ 30. Bxe1 Bg5 31. b4 Qe6 32. Kf1 cxb4 33. Qxb4 Bc6 34. c5 Qe3 35. Qc4 Bd5 36. Qc2 Bxf3 37. Bf2 Bxg2+ 38. Kxg2 Qf4 39. Qe2 Bf6 40. c6 Qg5+ 41. Bg3 Qd5+ 42. Be4 Qc5 43. c7 h5 44. Qc2 Qg5 45. c8Q h4 46. Q8c5 Qg4 47. Bf3 Qe6 48. Qe2 Qd7 49. Be5 h3+ 50. Kf1 1-0

[Event "Minsk Kupreichik Memorial"]
[Site "Minsk"]
[Date "2018.06.21"]
[Round "2"]
[White "Sveshnikov, Evgeny"]
[Black "Mochalov, Evgeny Veniaminovic"]
[Result "1/2-1/2"]
[WhiteElo "2464"]
[BlackElo "2374"]
[PlyCount "84"]
[EventDate "2018.06.21"]
[EventType "tourn (rapid)"]
[EventRounds "13"]
[EventCountry "BLR"]
[EventCategory "7"]
[SourceTitle "CBM 185 Extra"]
[Source "ChessBase"]
[SourceDate "2018.07.29"]
[SourceVersion "1"]
[SourceVersionDate "2018.07.29"]
[SourceQuality "1"]

1. e4 c5 2. c3 g6 3. Nf3 Bg7 4. d4 cxd4 5. cxd4 d5 6. e5 a6 7. h3 Nc6 8. Nc3 Nh6 9. Bf4 f6 10. Qd2 Nf7 11. exf6 Bxf6 12. Bd3 0-0 13. 0-0 Nxd4 14. Nxd4 e5 15. Nf3 exf4 16. Qxf4 Bg7 17. Qg3 Be6 18. Rfd1 Qb6 19. Rab1 Rac8 20. Ne2 Nd6 21. Nf4 Ne4 22. Bxe4 dxe4 23. Nxe6 Qxe6 24. Ng5 Qf5 25. h4 Kh8 26. Re1 Rce8 27. Qe3 Qg4 28. Rbd1 Qxh4 29. Rd7 Qg4 30. Rxb7 Qf5 31. Nxe4 Rxe4 32. Qxe4 Qxf2+ 33. Kh1 Rf4 34. Qe8+ Bf8 35. Qe5+ Kg8 36. Qe6+ Kh8 37. Rb3 Rh4+ 38. Rh3 Rxh3+ 39. gxh3 Qf3+ 40. Kh2 Qf2+ 41. Kh1 Qf3+ 42. Kh2 Bc5 1/2-1/2

[Event "EU-ch 18th"]
[Site "Minsk"]
[Date "2017.05.31"]
[Round "2"]
[White "Savchenko, Boris"]
[Black "Mochalov, Evgeny Veniaminovic"]
[Result "1-0"]
[WhiteElo "2634"]
[BlackElo "2378"]
[PlyCount "67"]
[EventDate "2017.05.30"]
[EventType "swiss"]
[EventRounds "11"]
[EventCountry "BLR"]
[SourceTitle "CBM 179"]
[Source "ChessBase"]
[SourceDate "2017.07.12"]
[SourceVersion "1"]
[SourceVersionDate "2017.07.12"]
[SourceQuality "1"]

1. e4 c5 2. Nf3 g6 3. c3 Bg7 4. d4 cxd4 5. cxd4 d5 6. e5 Nh6 7. Bf4 f6 8. Bb5+ Bd7 9. Be2 Nc6 10. exf6 exf6 11. Nc3 g5 12. Be3 Ne7 13. h4 g4 14. Ng1 f5 15. Bd3 f4 16. Bxf4 0-0 17. Bg5 Nhf5 18. Nge2 h6 19. Be3 Nxe3 20. fxe3 h5 21. Qb3 Rc8 22. Kd2 Rf2 23. Raf1 Rxg2 24. Nxd5 Kh8 25. Ndc3 Bc6 26. Qf7 Be8 27. Qe6 Bc6 28. Rf7 Rxe2+ 29. Kxe2 Qb6 30. Kd2 Qxb2+ 31. Bc2 Ba4 32. Qxc8+ Nxc8 33. Nxa4 Nd6 34. Nxb2 1-0

[Event "BLR-chT"]
[Site "Minsk"]
[Date "2017.05.11"]
[Round "4.1"]
[White "Zhigalko, Sergei"]
[Black "Mochalov, Evgeny Veniaminovic"]
[Result "1-0"]
[WhiteElo "2643"]
[BlackElo "2378"]
[PlyCount "93"]
[EventDate "2017.05.08"]
[EventType "team-swiss"]
[EventRounds "7"]
[EventCountry "BLR"]
[SourceTitle "CBM 178 Extra"]
[Source "ChessBase"]
[SourceDate "2017.06.22"]
[SourceVersion "1"]
[SourceVersionDate "2017.06.22"]
[SourceQuality "1"]
[WhiteTeam "Minsk Grand"]
[BlackTeam "Belaya Tower"]
[WhiteTeamCountry "BLR"]
[BlackTeamCountry "BLR"]

1. e4 c5 2. Nf3 g6 3. c3 Bg7 4. d4 cxd4 5. cxd4 d5 6. e5 Nh6 7. Bb5+ Bd7 8. Bxd7+ Qxd7 9. 0-0 0-0 10. Nc3 Nc6 11. Re1 e6 12. Bg5 Kh8 13. Qd2 Ng8 14. Re2 f6 15. exf6 Nxf6 16. Rae1 Rae8 17. Bh6 Nh5 18. Bxg7+ Nxg7 19. Ne5 Nxe5 20. Rxe5 Rf5 21. R5e2 Ref8 22. Nd1 Rf4 23. g3 Rf3 24. Ne3 h5 25. Ng2 Kh7 26. Nh4 R3f6 27. f4 Rc8 28. Nf3 Kg8 29. Ne5 Qc7 30. Kh1 Kh7 31. Rg1 Rcf8 32. Rc1 Qd6 33. Qd3 Rf5 34. Nf3 R5f6 35. Rec2 Kg8 36. Rc7 Qb6 37. Ne5 Nf5 38. Qc3 Qxd4 39. Qxd4 Nxd4 40. Rxb7 Nf5 41. Rcc7 d4 42. Nd7 R6f7 43. Nxf8 Rxf8 44. Rxa7 g5 45. Rd7 gxf4 46. gxf4 Rc8 47. Rac7 1-0

[Event "BLR-chT"]
[Site "Minsk"]
[Date "2017.05.10"]
[Round "3.2"]
[White "Mochalov, Evgeny Veniaminovic"]
[Black "Lutsko, Igor"]
[Result "0-1"]
[WhiteElo "2378"]
[BlackElo "2330"]
[PlyCount "136"]
[EventDate "2017.05.08"]
[EventType "team-swiss"]
[EventRounds "7"]
[EventCountry "BLR"]
[SourceTitle "CBM 178 Extra"]
[Source "ChessBase"]
[SourceDate "2017.06.22"]
[SourceVersion "1"]
[SourceVersionDate "2017.06.22"]
[SourceQuality "1"]
[WhiteTeam "Belaya Tower"]
[BlackTeam "Gambit"]
[WhiteTeamCountry "BLR"]
[BlackTeamCountry "BLR"]

1. d4 Nf6 2. c4 e6 3. g3 Bb4+ 4. Bd2 Qe7 5. Bg2 Nc6 6. e3 b6 7. d5 exd5 8. cxd5 Ne5 9. d6 Qxd6 10. Bxa8 Ba6 11. Bxb4 Nd3+ 12. Qxd3 Qxd3 13. Bg2 Qc2 14. Nd2 Qxb2 15. Rb1 Qc2 16. Ne2 Ng4 17. Be4 Qxa2 18. Bc3 Qe6 19. Bxg7 Rg8 20. Bc3 Rg5 21. Bf3 Ne5 22. Bxe5 Rxe5 23. 0-0 Ra5 24. Nf4 Qe5 25. Rfd1 Ra2 26. Ne4 Bc4 27. Nd5 Kd8 28. Nb4 Qf5 29. Bg2 Ra3 30. Nc6+ Ke8 31. Nd4 Qg6 32. Nb5 Bxb5 33. Rxb5 f5 34. Nd2 Rd3 35. Bf1 Rd6 36. Rbb1 Qh5 37. Kg2 a5 38. Nf3 Rxd1 39. Rxd1 c6 40. Rd4 Qh6 41. Nh4 Qf6 42. Rf4 b5 43. Nxf5 a4 44. Nd4 Qd6 45. Be2 b4 46. Nf5 Qd2 47. Bh5+ Kd8 48. Rd4 Qc3 49. Nd6 a3 50. Bf7 b3 51. Ra4 a2 52. Ne4 Qc1 53. Ra8+ Ke7 54. Bxb3 a1Q 55. Rxa1 Qxa1 56. Ng5 d5 57. h4 Qb1 58. Ba4 c5 59. Nf3 Qe4 60. Bd1 Qd3 61. Ba4 Kd6 62. Be8 Qe4 63. Bb5 c4 64. Ba4 c3 65. Bb3 Kc5 66. Bd1 Qd3 67. Bb3 Kb4 68. Nd4 Qxd4 0-1

[Event "Minsk op"]
[Site "Minsk"]
[Date "2014.07.16"]
[Round "1"]
[White "Mochalov, Evgeny Veniaminovic"]
[Black "Gagarin, Vasilij"]
[Result "1-0"]
[WhiteElo "2423"]
[BlackElo "2312"]
[PlyCount "86"]
[EventDate "2014.07.16"]
[EventType "swiss"]
[EventRounds "9"]
[EventCountry "BLR"]
[SourceTitle "CBM 161 Extra"]
[Source "ChessBase"]
[SourceDate "2014.08.29"]
[SourceVersion "1"]
[SourceVersionDate "2014.08.29"]
[SourceQuality "1"]

1. d4 d5 2. c4 e5 3. dxe5 d4 4. Nf3 Nc6 5. a3 Nge7 6. Nbd2 Ng6 7. Nb3 Ngxe5 8. Nxe5 Nxe5 9. Nxd4 c5 10. Nb5 a6 11. Qd5 Qxd5 12. Nc7+ Kd8 13. Nxd5 Nxc4 14. Bg5+ f6 15. Nxf6 h6 16. 0-0-0+ Kc7 17. Nd5+ Kc6 18. Be7 Be6 19. e4 Nd6 20. f3 Re8 21. Bh4 g5 22. Bg3 Nf7 23. Nc7 Re7 24. Nxe6 Rxe6 25. Bc4 Re7 26. Bd5+ Kb6 27. Rd3 Bg7 28. Bf2 Rc8 29. b4 Bd4 30. Bxd4 cxd4+ 31. Kb2 Ne5 32. Rxd4 Rec7 33. Bb3 a5 34. bxa5+ Kxa5 35. Rd5+ Rc5 36. Rhd1 Ng6 37. g3 Kb6 38. Rxc5 Rxc5 39. Rd6+ Rc6 40. Rxc6+ bxc6 41. Kc3 Kc5 42. Kd3 Ne5+ 43. Ke3 Kd6 1-0

[Event "Stockholm LA Hotel op"]
[Site "Stockholm"]
[Date "2014.06.13"]
[Round "9"]
[White "Mochalov, Evgeny Veniaminovic"]
[Black "Sjodahl, Pontus"]
[Result "1/2-1/2"]
[WhiteElo "2410"]
[BlackElo "2433"]
[PlyCount "127"]
[EventDate "2014.06.04"]
[EventType "swiss"]
[EventRounds "9"]
[EventCountry "SWE"]
[SourceTitle "EXT 2015"]
[Source "ChessBase"]
[SourceDate "2014.11.20"]
[SourceVersion "1"]
[SourceVersionDate "2014.11.20"]
[SourceQuality "1"]

1. d4 Nf6 2. c4 e6 3. g3 d5 4. Nf3 dxc4 5. Bg2 Bb4+ 6. Bd2 a5 7. 0-0 Nc6 8. a3 Bxd2 9. Qxd2 a4 10. Nc3 0-0 11. Rad1 Nd5 12. Ne5 Na5 13. Qc2 f6 14. Nf3 Nxc3 15. Qxc3 b5 16. e4 Qe7 17. Rfe1 Nb3 18. Nh4 Bb7 19. d5 e5 20. d6 cxd6 21. Nf5 Qc7 22. Qb4 Qc5 23. Qxc5 dxc5 24. Rd7 Rf7 25. Ne7+ Kf8 26. Rxb7 Rxe7 27. Rxb5 Rd8 28. Rb6 Red7 29. Bf1 Rd1 30. Rxd1 Rxd1 31. Kg2 Nd2 32. Rd6 Ke7 33. Rd5 Rxf1 34. Rxd2 Rc1 35. Rd5 c3 36. bxc3 Rxc3 37. g4 Ke6 38. h4 g6 39. Rd8 Rxa3 40. Rh8 h5 41. gxh5 gxh5 42. Rxh5 Kf7 43. Rh7+ Kg6 44. Rc7 Rc3 45. Rc6 a3 46. h5+ Kxh5 47. Rxf6 Rc4 48. Ra6 Rxe4 49. Rxa3 Kg5 50. Kf3 Kf5 51. Ra6 Rc4 52. Ke3 e4 53. Ra8 Rc3+ 54. Ke2 Rd3 55. Rc8 Rd5 56. Ke3 Rd3+ 57. Ke2 Rc3 58. Kd2 Rc4 59. Ke3 Ke5 60. Re8+ Kd5 61. Rd8+ Kc6 62. Re8 Kd5 63. Rd8+ Kc6 64. Re8 1/2-1/2

[Event "Wch Seniors 23rd"]
[Site "Opatija"]
[Date "2013.11.21"]
[Round "9"]
[White "Turikov, Viktor"]
[Black "Mochalov, Evgeny Veniaminovic"]
[Result "0-1"]
[WhiteElo "2256"]
[BlackElo "2404"]
[PlyCount "76"]
[EventDate "2013.11.12"]
[EventType "swiss"]
[EventRounds "11"]
[EventCountry "CRO"]
[SourceTitle "CBM 157 Extra"]
[Source "ChessBase"]
[SourceDate "2013.12.19"]
[SourceVersion "1"]
[SourceVersionDate "2013.12.19"]
[SourceQuality "1"]

1. d4 Nf6 2. Nc3 d5 3. Bg5 c5 4. e3 e6 5. Nf3 Nc6 6. a3 h6 7. Bf4 a6 8. h3 b5 9. Ne5 Bb7 10. Be2 Be7 11. 0-0 0-0 12. Bf3 Rc8 13. Nxc6 Bxc6 14. Ne2 c4 15. Nc3 a5 16. g4 Qd7 17. Bg2 b4 18. axb4 axb4 19. Ne2 Ra8 20. Qd2 Ne4 21. Bxe4 dxe4 22. Rfd1 Qd5 23. Bh2 g5 24. Qe1 f5 25. Rxa8 Bxa8 26. Ra1 f4 27. Ra7 Bd6 28. Kh1 Bc6 29. Kg1 fxe3 30. fxe3 Rf3 31. Ng3 Bf4 32. Nf1 Bxe3+ 33. Nxe3 Qxd4 34. Rc7 Rxe3 35. Rc8+ Kh7 36. Rc7+ Kg6 37. Qf2 Re1+ 38. Kg2 e3+ 0-1

[Event "Wch Seniors 23rd"]
[Site "Opatija"]
[Date "2013.11.20"]
[Round "8"]
[White "Mochalov, Evgeny Veniaminovic"]
[Black "Filipenko, Alexander V"]
[Result "1/2-1/2"]
[WhiteElo "2404"]
[BlackElo "2288"]
[PlyCount "74"]
[EventDate "2013.11.12"]
[EventType "swiss"]
[EventRounds "11"]
[EventCountry "CRO"]
[SourceTitle "CBM 157 Extra"]
[Source "ChessBase"]
[SourceDate "2013.12.19"]
[SourceVersion "1"]
[SourceVersionDate "2013.12.19"]
[SourceQuality "1"]

1. d4 d5 2. c4 c6 3. Nf3 Nf6 4. Nc3 e6 5. g3 dxc4 6. Bg2 Nbd7 7. Bg5 Be7 8. 0-0 h6 9. Bxf6 Bxf6 10. e3 0-0 11. Nd2 e5 12. d5 cxd5 13. Nxd5 Nb6 14. Nxb6 Qxb6 15. Nxc4 Qa6 16. Bd5 Rd8 17. Rc1 Be6 18. e4 Bxd5 19. exd5 Qxa2 20. b3 Qa6 21. Qf3 Qb5 22. Rfd1 Rd7 23. Rd3 Rad8 24. Rcd1 a5 25. Ne3 Qb4 26. Ng4 Rd6 27. Qf5 Re8 28. Re3 a4 29. Nxf6+ Rxf6 30. Qd7 Ra8 31. bxa4 Qxa4 32. Qxa4 Rxa4 33. d6 Ra8 34. Rxe5 Rd8 35. d7 Kf8 36. Rb5 b6 37. Rdb1 Rxd7 1/2-1/2

[Event "Wch Seniors 23rd"]
[Site "Opatija"]
[Date "2013.11.15"]
[Round "4"]
[White "Vasiukov, Evgeni"]
[Black "Mochalov, Evgeny Veniaminovic"]
[Result "0-1"]
[WhiteElo "2457"]
[BlackElo "2404"]
[PlyCount "82"]
[EventDate "2013.11.12"]
[EventType "swiss"]
[EventRounds "11"]
[EventCountry "CRO"]
[SourceTitle "CBM 157 Extra"]
[Source "ChessBase"]
[SourceDate "2013.12.19"]
[SourceVersion "1"]
[SourceVersionDate "2013.12.19"]
[SourceQuality "1"]

1. e4 c5 2. Nf3 e6 3. d3 Nc6 4. g3 g6 5. Bg2 Bg7 6. 0-0 Nge7 7. c3 e5 8. Be3 d6 9. Qd2 0-0 10. Na3 Bg4 11. Nh4 Be6 12. f4 exf4 13. gxf4 f5 14. Nf3 Kh8 15. Ng5 Bg8 16. Rf3 b6 17. Rh3 Qd7 18. Rd1 Rad8 19. Bf2 h6 20. c4 Nd4 21. Kh1 Ne6 22. Be3 Nxg5 23. fxg5 h5 24. Rh4 fxe4 25. dxe4 Nc6 26. b3 Be5 27. Nc2 Be6 28. Bf1 Bg4 29. Be2 Bf3+ 30. Kg1 Rf7 31. Rf1 Rdf8 32. Bxf3 Rxf3 33. Rxf3 Rxf3 34. Kg2 Rf8 35. Qe2 Qe7 36. Kh1 Nd4 37. Nxd4 cxd4 38. Bd2 Qf7 39. Rh3 Qf2 40. Qd3 Kg7 41. a3 h4 0-1

[Event "EU-chT Seniors 15th"]
[Site "Dresden"]
[Date "2013.07.26"]
[Round "7"]
[White "Mochalov, Evgeny Veniaminovic"]
[Black "Birnboim, Nathan"]
[Result "1/2-1/2"]
[WhiteElo "2407"]
[BlackElo "2356"]
[PlyCount "55"]
[EventDate "2013.07.20"]
[EventType "team-swiss"]
[EventRounds "9"]
[EventCountry "GER"]
[SourceTitle "CBM 155 Extra"]
[Source "ChessBase"]
[SourceDate "2013.08.26"]
[SourceVersion "1"]
[SourceVersionDate "2013.08.26"]
[SourceQuality "1"]
[WhiteTeam "Belarus"]
[BlackTeam "Israel"]
[WhiteTeamCountry "BLR"]
[BlackTeamCountry "ISR"]

1. d4 d5 2. c4 c6 3. Nf3 g6 4. Nc3 Bg7 5. Bf4 Nf6 6. e3 0-0 7. Qb3 Qa5 8. Be2 dxc4 9. Bxc4 b5 10. Bd3 Be6 11. Qa3 Qb6 12. b4 a5 13. 0-0 axb4 14. Qxb4 Nbd7 15. Rfb1 Qa5 16. Ng5 Qxb4 17. Rxb4 Nd5 18. Nxe6 fxe6 19. Nxd5 exd5 20. Rc1 Rfc8 21. Be2 Kf7 22. a4 bxa4 23. Bg4 e6 24. Rb7 Ke7 25. Bg5+ Kd6 26. Bf4+ Ke7 27. Bg5+ Kd6 28. Bf4+ 1/2-1/2

[Event "EU-chT Seniors 15th"]
[Site "Dresden"]
[Date "2013.07.25"]
[Round "6"]
[White "Mishuchkov, Nikolai Mikhailovic"]
[Black "Mochalov, Evgeny Veniaminovic"]
[Result "1-0"]
[WhiteElo "2359"]
[BlackElo "2407"]
[PlyCount "159"]
[EventDate "2013.07.20"]
[EventType "team-swiss"]
[EventRounds "9"]
[EventCountry "GER"]
[SourceTitle "CBM 155 Extra"]
[Source "ChessBase"]
[SourceDate "2013.08.26"]
[SourceVersion "1"]
[SourceVersionDate "2013.08.26"]
[SourceQuality "1"]
[WhiteTeam "Russia"]
[BlackTeam "Belarus"]
[WhiteTeamCountry "RUS"]
[BlackTeamCountry "BLR"]

1. d4 Nf6 2. Nf3 g6 3. g3 Bg7 4. Bg2 0-0 5. 0-0 d6 6. a4 Na6 7. Re1 c5 8. d5 e6 9. dxe6 Bxe6 10. e4 d5 11. exd5 Qxd5 12. Nc3 Qxd1 13. Rxd1 Rad8 14. Bf4 Nd5 15. Nxd5 Bxd5 16. c3 b6 17. Nd2 Be6 18. Bf1 Nb8 19. a5 Nd7 20. Bd6 Rfe8 21. Bb5 Bh6 22. Bc7 Rc8 23. axb6 axb6 24. Ra7 Ra8 25. Rxa8 Rxa8 26. Nc4 Ra7 27. Bxd7 Bxc4 28. Bxb6 Rb7 29. Bxc5 Rxb2 30. Bc6 Rb8 31. Bd5 Rb5 32. Bxc4 Rxc5 33. Rd8+ Bf8 34. Bd5 Rxc3 35. Rd7 Bc5 36. Bxf7+ Kh8 37. Be6 Rc2 38. Rf7 Re2 39. Bg4 Re7 40. Rf8+ Kg7 41. Rc8 Ba7 42. h4 Bb6 43. Rc2 Rc7 44. Re2 Bd4 45. Kg2 Rb7 46. Rd2 Bf6 47. h5 Bc3 48. Rd3 Bf6 49. Rd6 Be5 50. Re6 Bd4 51. hxg6 hxg6 52. Re4 Bf6 53. f4 Rb2+ 54. Kh3 Rb7 55. Rc4 Ra7 56. Be6 Re7 57. Rc6 Ra7 58. Kg4 Rb7 59. Kf3 Ra7 60. g4 g5 61. f5 Ra3+ 62. Ke2 Ra7 63. Bc4 Rd7 64. Ke3 Bd4+ 65. Ke4 Bf6 66. Bd5 Ra7 67. Rc4 Re7+ 68. Be6 Ra7 69. Rc8 Ra4+ 70. Bc4 Ra7 71. Rg8+ Kh7 72. Rg6 Bd8 73. Bd3 Rd7 74. Ke3 Be7 75. Be4 Kh8 76. f6 Bc5+ 77. Ke2 Bd4 78. Rh6+ Kg8 79. Bf5 Rf7 80. Be6 1-0

[Event "EU-chT Seniors 15th"]
[Site "Dresden"]
[Date "2013.07.20"]
[Round "1"]
[White "Mochalov, Evgeny Veniaminovic"]
[Black "Miles, Richard"]
[Result "1-0"]
[WhiteElo "2407"]
[BlackElo "2088"]
[PlyCount "45"]
[EventDate "2013.07.20"]
[EventType "team-swiss"]
[EventRounds "9"]
[EventCountry "GER"]
[SourceTitle "CBM 155 Extra"]
[Source "ChessBase"]
[SourceDate "2013.08.26"]
[SourceVersion "1"]
[SourceVersionDate "2013.08.26"]
[SourceQuality "1"]
[WhiteTeam "Belarus"]
[BlackTeam "Wales"]
[WhiteTeamCountry "BLR"]
[BlackTeamCountry "WLS"]

1. d4 Nf6 2. c4 g6 3. g3 Bg7 4. Bg2 0-0 5. Nf3 d6 6. 0-0 Nbd7 7. Qc2 e5 8. Rd1 Qe7 9. Nc3 Re8 10. e4 exd4 11. Nxd4 Nc5 12. f3 Ne6 13. Be3 Nxd4 14. Bxd4 Be6 15. Nd5 Bxd5 16. cxd5 Rec8 17. Bh3 Nd7 18. Bxg7 Kxg7 19. Qa4 Rd8 20. Rac1 Nc5 21. Qd4+ Kg8 22. b4 Na4 23. Rd2 1-0

[Event "Stockholm Seniors op"]
[Site "Stockholm"]
[Date "2013.05.09"]
[Round "2"]
[White "Pettersson, Ola"]
[Black "Mochalov, Evgeny Veniaminovic"]
[Result "0-1"]
[WhiteElo "2069"]
[BlackElo "2413"]
[PlyCount "44"]
[EventDate "2013.05.09"]
[EventType "swiss"]
[EventRounds "8"]
[EventCountry "SWE"]
[SourceTitle "CBM 154 Extra"]
[Source "ChessBase"]
[SourceDate "2013.06.25"]
[SourceVersion "2"]
[SourceVersionDate "2013.06.25"]
[SourceQuality "1"]

1. e4 c5 2. Nc3 Nc6 3. f4 e6 4. Bc4 a6 5. a4 Nf6 6. d3 d5 7. Bb3 c4 8. dxc4 d4 9. Nce2 Nxe4 10. Nf3 Bb4+ 11. Kf1 Bc5 12. Qd3 f5 13. Bd2 0-0 14. Rd1 Qf6 15. Be1 Qh6 16. h3 Rd8 17. g4 b6 18. g5 Qh5 19. Ng3 Nxg3+ 20. Bxg3 Bb7 21. Qe2 Nb4 22. Rd3 Nxd3 0-1

[Event "EU-Cup 28th"]
[Site "Eilat"]
[Date "2012.10.17"]
[Round "7.5"]
[White "Moiseenko, Alexander"]
[Black "Mochalov, Evgeny Veniaminovic"]
[Result "1-0"]
[WhiteElo "2700"]
[BlackElo "2403"]
[PlyCount "143"]
[EventDate "2012.10.11"]
[EventType "team-swiss"]
[EventRounds "7"]
[EventCountry "ISR"]
[SourceTitle "CBM 151"]
[Source "ChessBase"]
[SourceDate "2012.11.13"]
[SourceVersion "1"]
[SourceVersionDate "2012.11.13"]
[SourceQuality "1"]
[WhiteTeam "Saratov Economist"]
[BlackTeam "Vesnianka Gran"]
[WhiteTeamCountry "RUS"]
[BlackTeamCountry "BLR"]

1. d4 Nf6 2. c4 d6 3. Nc3 e5 4. Nf3 Nbd7 5. Bg5 c6 6. e3 Be7 7. Qc2 0-0 8. Bd3 h6 9. Bh4 Re8 10. 0-0 Nh5 11. Bg3 Nxg3 12. hxg3 Bf8 13. Rad1 exd4 14. Nxd4 Ne5 15. Be2 g6 16. Rd2 h5 17. b4 Ng4 18. b5 Bd7 19. Rb1 Rc8 20. Bxg4 hxg4 21. Qd3 Rc7 22. a4 Qc8 23. Rc1 Re5 24. Rb2 Qe8 25. bxc6 bxc6 26. Rcb1 Be7 27. Rb8 Rc8 28. R8b7 a6 29. R1b6 Bg5 30. Rxa6 Rb8 31. Rxb8 Qxb8 32. Nxc6 Bxc6 33. Rxc6 Qb2 34. Rxd6 Qa1+ 35. Kh2 Kg7 36. Nd1 Qxa4 37. Rd5 Bf6 38. Rxe5 Bxe5 39. Qe4 Ba1 40. Qxg4 Qc2 41. Qf3 Qxc4 42. e4 Bd4 43. Ne3 Qc5 44. Nd1 Qb5 45. Kg1 Qc4 46. g4 Qb5 47. g3 Qc4 48. Kg2 Qb5 49. Ne3 Qg5 50. Nd5 Qd2 51. Nf4 Bf6 52. Qe2 Qd6 53. Nd3 Qc6 54. Qf3 Qb5 55. Qe3 Qb7 56. Kh2 Bc3 57. g5 Qb5 58. Kg2 Qc4 59. Nf4 Bd4 60. Qe2 Qc1 61. Qd3 Qc5 62. Qd2 Qe5 63. Ne2 Ba1 64. Qd5 Qc7 65. Nf4 Qc3 66. Nd3 Qd2 67. Nf4 Qe1 68. Qb7 Kg8 69. Nd3 Qd1 70. Qd5 Bc3 71. Nf4 Bd4 72. Nxg6 1-0

[Event "EU-ch Seniors 12th"]
[Site "Kaunas"]
[Date "2012.08.26"]
[Round "9"]
[White "Mochalov, Evgeny Veniaminovic"]
[Black "Bogdanov, Valentin"]
[Result "1-0"]
[WhiteElo "2394"]
[BlackElo "2374"]
[PlyCount "65"]
[EventDate "2012.08.18"]
[EventType "swiss"]
[EventRounds "9"]
[EventCountry "LTU"]
[SourceTitle "CBM 150 Extra"]
[Source "ChessBase"]
[SourceDate "2012.10.19"]
[SourceVersion "1"]
[SourceVersionDate "2012.10.19"]
[SourceQuality "1"]

1. d4 Nf6 2. c4 g6 3. Nf3 Bg7 4. g3 c6 5. Nc3 d5 6. Qb3 0-0 7. Bg2 dxc4 8. Qxc4 Na6 9. 0-0 Be6 10. Qa4 Qb6 11. Rd1 Rad8 12. Bd2 c5 13. dxc5 Nxc5 14. Qa3 Nfe4 15. Be3 Nxc3 16. bxc3 Rxd1+ 17. Rxd1 Rc8 18. Ng5 Bh6 19. h4 Bc4 20. Kh2 Bf8 21. Ne4 e5 22. Qc1 h5 23. Rd7 Nxd7 24. Bxb6 Nxb6 25. Nf6+ Kh8 26. Bxb7 Rc7 27. Be4 Nd7 28. Qg5 Nxf6 29. Qxf6+ Kg8 30. a4 Bxe2 31. Bd5 Bd3 32. c4 Kh7 33. Qd8 1-0